Social complexity in early medieval rural communities : the north-western Iberia archaeological record /
This title presents an overview of the results of the research project DESPAMED funded by the Spanish Minister of Economy and Competitiveness. It discusses the theoretical challenges posed by the study of social inequality and social complexity in early medieval peasant communities in north-western...
مؤلفون آخرون:
التنسيق: كتاب الكتروني
اللغة: English
منشور في:
Oxford :
Archaeopress Publishing Ltd,
[2016]
سلاسل:
Archaeopress archaeology.
الموضوعات:
الوصول للمادة أونلاين: Login to view Source
الوسوم: إضافة وسم
رقم الطلب: HD1536.S7
| LEADER | 02024nam a2200433 i 4500 | ||
|---|---|---|---|
| 001 | EDZ0001650186 | ||
| 003 | StDuBDS | ||
| 005 | 20230412181907.0 | ||
| 006 | m|||||o||d|||||||| | ||
| 007 | cr ||||||||||| | ||
| 008 | 161214t20162016enka fo 000|0|eng|d | ||
| 020 | |a 9781784915094 (ebook) : |c No price | ||
| 040 | |a StDuBDS |b eng |c StDuBDS |e rda |e pn | ||
| 050 | 4 | |a HD1536.S7 | |
| 082 | 0 | 4 | |a 305.563309461 |2 23 |
| 245 | 0 | 0 | |a Social complexity in early medieval rural communities : |b the north-western Iberia archaeological record / |c edited by Juan Antonio Quirós Castillo. |
| 264 | 1 | |a Oxford : |b Archaeopress Publishing Ltd, |c [2016] | |
| 264 | 4 | |c ©2016 | |
| 300 | |a 1 online resource : |b illustrations (black and white, and colour). | ||
| 336 | |a text |2 rdacontent | ||
| 336 | |a still image |2 rdacontent | ||
| 337 | |a computer |2 rdamedia | ||
| 338 | |a online resource |2 rdacarrier | ||
| 490 | 1 | |a Archaeopress archaeology | |
| 500 | |a Previously issued in print: 2016. | ||
| 520 | 8 | |a This title presents an overview of the results of the research project DESPAMED funded by the Spanish Minister of Economy and Competitiveness. It discusses the theoretical challenges posed by the study of social inequality and social complexity in early medieval peasant communities in north-western Iberia. | |
| 521 | |a Specialized. | ||
| 588 | |a Description based on online resource; title from home page (viewed on March 7, 2017). | ||
| 650 | 0 | |a Peasants |z Spain, Northern |x Social conditions. | |
| 651 | 0 | |a Spain, Northern |x Rural conditions. | |
| 651 | 0 | |a Spain |x History |y 711-1516. | |
| 650 | 0 | |a Social systems |x History |y To 1500. | |
| 700 | 1 | |a Quirós Castillo, Juan Antonio, |e editor. | |
| 776 | 0 | 8 | |i Print version : |z 9781784915087 |
| 830 | 0 | |a Archaeopress archaeology. | |
| 856 | 4 | 0 | |3 Archaeopress |u http://library.arce.org:8087/Archaeopress/Products/9781784915087 |
| 942 | |2 lcc |c EBOOK | ||
| 952 | |0 0 |1 0 |4 0 |6 HD1536 S7 |7 1 |9 46230 |a ARCH |b ARCH |d 2023-04-12 |l 0 |o HD1536.S7 |r 2023-04-12 00:00:00 |w 2023-04-12 |y EBOOK | ||
| 999 | |c 51888 |d 51888 | ||
